<?xml version="1.0" encoding="UTF-8"?>
<marc:record xmlns:marc="http://www.loc.gov/MARC21/slim">
   <marc:leader>00000nam a2200000 a 4500</marc:leader>
   <marc:datafield ind1="1" ind2=" " tag="100">
      <marc:subfield code="a">Wigand, Achim</marc:subfield>
      <marc:subfield code="4">aut</marc:subfield>
      <marc:subfield code="e">Verfasser/-in</marc:subfield>
   </marc:datafield>
   <marc:datafield ind1=" " ind2=" " tag="653">
      <marc:subfield code="a">Deutschland</marc:subfield>
   </marc:datafield>
   <marc:datafield ind1=" " ind2=" " tag="653">
      <marc:subfield code="a">Bayern</marc:subfield>
   </marc:datafield>
   <marc:datafield ind1=" " ind2=" " tag="653">
      <marc:subfield code="a">München</marc:subfield>
   </marc:datafield>
   <marc:datafield ind1="0" ind2="0" tag="245">
      <marc:subfield code="a">München</marc:subfield>
   </marc:datafield>
   <marc:datafield ind1="0" ind2="0" tag="245">
      <marc:subfield code="c">Wigand, Achim</marc:subfield>
   </marc:datafield>
   <marc:datafield ind1=" " ind2="1" tag="264">
      <marc:subfield code="a">Erlangen</marc:subfield>
      <marc:subfield code="b">Michael Müller Verlag</marc:subfield>
      <marc:subfield code="c">2026</marc:subfield>
   </marc:datafield>
   <marc:datafield ind1="1" ind2=" " tag="490">
      <marc:subfield code="a">MM City</marc:subfield>
   </marc:datafield>
   <marc:datafield ind1=" " ind2=" " tag="250">
      <marc:subfield code="a">9. Auflage, revidierte Ausgabe</marc:subfield>
   </marc:datafield>
   <marc:datafield ind1="1" ind2=" " tag="520">
      <marc:subfield code="a">Entdecken Sie mit Achim Wigand die Isarmetropole zwischen Tradition und&#xD;
    Moderne&#xD;
                &#xD;
                &#xD;
                    Reiseführer München – umfassend, übersichtlich, unentbehrlich&#xD;
                &#xD;
                &#xD;
&#xD;
  Mit dem Michael Müller Reiseführer »München MM-City« erleben Sie die&#xD;
  bayerische Hauptstadt jenseits von Postkartenklischees. Autor&#xD;
        Achim Wigand führt Sie auf 312 Seiten mit&#xD;
        170 Farbfotos und 43 Karten durch Geschichte, Gegenwart und&#xD;
  Genuss – vom mittelalterlichen Isartor bis zum modernen Olympiapark.&#xD;
        Zwölf Stadtspaziergänge und fünf Ausflüge zeigen bekannte&#xD;
  Sehenswürdigkeiten und verborgene Winkel: den Viktualienmarkt, die&#xD;
  Museumsinsel mit dem Deutschen Museum, den Englischen Garten,&#xD;
  die Maxvorstadt mit den Pinakotheken und natürlich die&#xD;
        Theresienwiese mit dem Oktoberfest. Alles wurde&#xD;
    vor Ort recherchiert,&#xD;
  mit Liebe zum Detail und einem wachen Blick für Alltag und Atmosphäre.&#xD;
&#xD;
                &#xD;
&#xD;
  Ob Kunst, Architektur oder Lebensart – dieser Reiseführer bietet fundierte&#xD;
  Informationen, überraschende Geschichten und praktische Tipps für Ihren&#xD;
  individuellen Städtetrip nach München.&#xD;
&#xD;
                &#xD;
                     Ihr Reiseführer München auf einen Blick:&#xD;
                &#xD;
                &#xD;
                    312 Seiten, 170 Farbfotos, 43 Karten + herausnehmbarer Stadtplan&#xD;
                    12 Touren durch die Stadt und 5 Ausflüge ins Umland&#xD;
                    4 Schlösser – Nymphenburg, Blutenburg, Schleißheim und Dachau&#xD;
                    Museen, Galerien, Kneipen, Biergärten und Cafés für jede Stimmung&#xD;
                    Nachhaltige und regionale Adressen klar markiert&#xD;
                    Tipps für Familien, Kulturfans und Genießer&#xD;
                &#xD;
                &#xD;
&#xD;
                &#xD;
                    Authentisch reisen mit den Reiseführern aus dem Michael Müller Verlag&#xD;
                &#xD;
                &#xD;
&#xD;
  Unsere Reiseführer sind von Reisenden für Reisende. Alle Autorinnen und&#xD;
  Autoren recherchieren vor Ort und schreiben ehrlich, unabhängig, authentisch.&#xD;
&#xD;
                &#xD;
Gratis dabei: Vier Wochen kostenlos die mmtravel® App nutzen – mit&#xD;
  GPS-Ortung und Online-Karten für Ihren München-Trip.</marc:subfield>
   </marc:datafield>
   <marc:datafield ind1=" " ind2=" " tag="020">
      <marc:subfield code="a">9783966855457</marc:subfield>
      <marc:subfield code="9">9783966855457</marc:subfield>
   </marc:datafield>
   <marc:datafield ind1=" " ind2=" " tag="020">
      <marc:subfield code="a">3966855453</marc:subfield>
      <marc:subfield code="9">3966855453</marc:subfield>
   </marc:datafield>
   <marc:datafield ind1=" " ind2=" " tag="041">
      <marc:subfield code="a">ger</marc:subfield>
   </marc:datafield>
   <marc:datafield ind1=" " ind2=" " tag="300">
      <marc:subfield code="b">170 Fotografien</marc:subfield>
   </marc:datafield>
   <marc:datafield ind1=" " ind2=" " tag="338">
      <marc:subfield code="a">Band</marc:subfield>
   </marc:datafield>
   <marc:datafield ind1=" " ind2=" " tag="300">
      <marc:subfield code="a">1 Faltkarte</marc:subfield>
   </marc:datafield>
</marc:record>
